| 000 | 01037nam a22002657a 4500 | ||
|---|---|---|---|
| 001 | 66057 | ||
| 003 | UA-OsUOA | ||
| 005 | 20230405150019.0 | ||
| 007 | ta | ||
| 008 | 20091217b un ||||| |||| 00| 0 ukr d | ||
| 020 | _a9667060487 | ||
| 040 |
_aUA-OsUOA _bukr _cUA-OsUOA _dUA-OsUOA |
||
| 041 | _aukr | ||
| 080 | _a908(477.82+438) | ||
| 090 |
_a908(477.82+438) _bС32 |
||
| 100 | _aСергійчук В. | ||
| 110 |
_aКиївський національний університет імені Тараса Шевченка _bЦентр українознавства |
||
| 245 |
_aПоляки на Волині у роки Другої світової війни _bдокументи з українських архівів і польські публікації _cВолодимир Сергійчук |
||
| 260 |
_aК. _bУВС _c2003 |
||
| 300 | _a576 с. | ||
| 650 | 7 |
_a908 Краєзнавство _2UDC |
|
| 942 |
_cBK _2udc |
||
| 955 | _a2 | ||
| 999 |
_c351840 _d351840 |
||